Innovative science teaching : for physical science teachers (Record no. 55974)
[ view plain ]
| 000 -LEADER | |
|---|---|
| fixed length control field | 00450nam a2200157 4500 |
| 020 ## - INTERNATIONAL STANDARD BOOK NUMBER | |
| ISBN | 81-203-0955-3 |
| 041 ## - LANGUAGE CODE | |
| Language code of text/sound track or separate title | eng |
| 082 ## - DEWEY DECIMAL CLASSIFICATION NUMBER | |
| Classification number | 507 |
| Item number | MOH |
| Edition number | 18th. |
| 100 ## - MAIN ENTRY--AUTHOR NAME | |
| Personal name | Mohan, Radha |
| 245 ## - TITLE STATEMENT | |
| Title | Innovative science teaching : for physical science teachers |
| Statement of responsibility, etc | Radha Mohan |
| 260 ## - PUBLICATION, DISTRIBUTION, ETC. (IMPRINT) | |
| Place of publication | New Delhi |
| Name of publisher | Prentice-Hall of India |
| Year of publication | 1995 |
| 300 ## - PHYSICAL DESCRIPTION | |
| Number of Pages | ix,311p.; |
| Dimensions | 22cm. |
| 500 ## - GENERAL NOTE | |
| General note | Library has 3rd ed. also. |
| 650 ## - SUBJECT ADDED ENTRY--TOPICAL TERM | |
| Topical Term | Science-Study and Teaching |
| 942 ## - ADDED ENTRY ELEMENTS (KOHA) | |
| Koha item type | Books |
| Withdrawn status | Lost status | Damaged status | Collection code | Home library | Current library | Shelving location | Date acquired | Full call number | Accession Number | Koha item type | Copy number |
|---|---|---|---|---|---|---|---|---|---|---|---|
| CENTRE FOR SCIENCE EDUCATION | North Eastern Hill University | North Eastern Hill University | General Stacks | 24/11/2011 | 507 MOH | 173864 | Books | ||||
| CENTRE FOR SCIENCE EDUCATION | North Eastern Hill University | North Eastern Hill University | General Stacks | 14/05/2015 | 507 MOH | 435044 | Books | ||||
| CENTRE FOR SCIENCE EDUCATION | North Eastern Hill University | North Eastern Hill University | General Stacks | 26/08/2019 | 507 MOH | 435085 | Books | ,2 |
